La educación, una historia de amor / (Registro nro. 62810)
[ vista simple ]
| 000 -LEADER | |
|---|---|
| fixed length control field | 00824nam a2200265 a 4500 |
| 001 - CONTROL NUMBER | |
| control field | 62810 |
| 005 - DATE AND TIME OF LATEST TRANSACTION | |
| control field | 20180714064954.0 |
| 008 - FIXED-LENGTH DATA ELEMENTS--GENERAL INFORMATION | |
| fixed length control field | 150610s2011 sp r 000 0 spa d |
| 020 ## - INTERNATIONAL STANDARD BOOK NUMBER | |
| International Standard Book Number | 9788432138386 |
| 041 ## - LANGUAGE CODE | |
| Language code of text/sound track or separate title | spa |
| 082 0# - DEWEY DECIMAL CLASSIFICATION NUMBER | |
| Classification number | 268.432 |
| Item number | PON |
| 100 1# - MAIN ENTRY--PERSONAL NAME | |
| Personal name | Ponsard, Christine |
| Relator term | autor |
| 245 13 - TITLE STATEMENT | |
| Title | La educación, una historia de amor / |
| Statement of responsibility, etc. | Christine Ponsard. |
| 250 ## - EDITION STATEMENT | |
| Edition statement | [Primera edición] |
| 264 #1 - PRODUCTION, PUBLICATION, DISTRIBUTION, MANUFACTURE, AND COPYRIGHT NOTICE | |
| Place of production, publication, distribution, manufacture | Madrid, España : |
| Name of producer, publisher, distributor, manufacturer | Ediciones Rialp, |
| Date of production, publication, distribution, manufacture, or copyright notice | 2011 |
| 300 ## - PHYSICAL DESCRIPTION | |
| Extent | 231 páginas ; |
| Dimensions | 22 cm. |
| 336 ## - CONTENT TYPE | |
| Content type term | texto |
| Source | rdacontent |
| 337 ## - MEDIA TYPE | |
| Media type term | sin mediación |
| Source | rdamedia |
| 338 ## - CARRIER TYPE | |
| Carrier type term | volumen |
| Source | rdacarrier |
| 650 #4 - SUBJECT ADDED ENTRY--TOPICAL TERM | |
| Topical term or geographic name entry element | Educación religiosa |
| 650 #4 - SUBJECT ADDED ENTRY--TOPICAL TERM | |
| Topical term or geographic name entry element | Amor a Dios |
| General subdivision | Hijos |
| 650 #4 - SUBJECT ADDED ENTRY--TOPICAL TERM | |
| Topical term or geographic name entry element | Educar en la fe |
| General subdivision | Niños |
| 700 1# - ADDED ENTRY--PERSONAL NAME | |
| Personal name | Sanz Navío, Pedro |
| Relator term | traductor |
| 740 0# - ADDED ENTRY--UNCONTROLLED RELATED/ANALYTICAL TITLE | |
| Uncontrolled related/analytical title | Leducation, une histoire damour |
| Withdrawn status | Lost status | Source of classification or shelving scheme | Damaged status | Not for loan | Collection code | Home library | Current library | Shelving location | Date acquired | Source of acquisition | Inventory number | Total Checkouts | Full call number | Barcode | Date last seen | Price effective from | Koha item type |
|---|---|---|---|---|---|---|---|---|---|---|---|---|---|---|---|---|---|
| Dewey Decimal Classification | General | Biblioteca Karol Wojtyla | Biblioteca Karol Wojtyla | Sala general | 10/06/2015 | Compra | 151000000000000000025280 | 649.7 PON 2011 | 93998 | 05/01/2026 | 08/10/2015 | Libro |